Normal view
MARC view
Entry Topical Term
001 - CONTROL NUMBER
- control field: 4490
003 - CONTROL NUMBER IDENTIFIER
- control field: HDC
005 - DATE AND TIME OF LATEST TRANSACTION
- control field: 20230624073201.0
008 - FIXED-LENGTH DATA ELEMENTS
- fixed length control field: 210116|| aca||aabn | a|a d
040 ## - CATALOGING SOURCE
- Original cataloging agency: HDC
- Transcribing agency: HDC
150 ## - HEADING--TOPICAL TERM
- Topical term or geographic name entry element: pharmaceutical industries
670 ## - SOURCE DATA FOUND
- Source citation: Work cat.: (HDC): Zhari Ismail author 4487, Halal Nutraceutical Market: Issues And Challenges / by , 2010
